00221 a2200109 4500001000700000020000600007040001100013100003700024240002300061245001800084362000900102174399 a  cMagnum aAlmeida, Hilda Maria Ferreira de10aO gato voadorlpor10aO gato voador0 a1899